[Event "Stavropol Region-ch"]
[Site "Kislovodsk"]
[Date "2009.10.11"]
[Round "9"]
[White "Potapov, Alexander"]
[Black "Bazalij, Vladimir"]
[Result "1/2-1/2"]
[WhiteElo "2175"]
[BlackElo "2292"]
[PlyCount "46"]
[EventDate "2009.10.03"]
[EventType "swiss"]
[EventRounds "9"]
[EventCountry "RUS"]
[SourceTitle "EXT 2022"]
[Source "ChessBase"]
[SourceDate "2021.10.06"]
[SourceVersion "1"]
[SourceVersionDate "2021.10.06"]
[SourceQuality "1"]

1. e4 c5 2. Nf3 d6 3. d4 cxd4 4. Nxd4 Nf6 5. Nc3 g6 6. Bc4 Bg7 7. h3 0-0 8. 0-0 Nc6 9. Re1 Nxd4 10. Qxd4 Bd7 11. Bg5 Bc6 12. Qd2 Rc8 13. Bb3 b5 14. Nd5 Bxd5 15. exd5 a5 16. a3 Re8 17. c3 Nd7 18. Re2 Bf6 19. Bf4 Nb6 20. a4 Qd7 21. axb5 Qxb5 22. Qd1 Red8 23. Rd2 Nc4 1/2-1/2

[Event "Stavropol Region-ch"]
[Site "Kislovodsk"]
[Date "2009.10.07"]
[Round "5"]
[White "Bazalij, Vladimir"]
[Black "Lezhepekova, Veronika"]
[Result "1-0"]
[WhiteElo "2292"]
[BlackElo "2112"]
[PlyCount "91"]
[EventDate "2009.10.03"]
[EventType "swiss"]
[EventRounds "9"]
[EventCountry "RUS"]
[SourceTitle "EXT 2022"]
[Source "ChessBase"]
[SourceDate "2021.10.06"]
[SourceVersion "1"]
[SourceVersionDate "2021.10.06"]
[SourceQuality "1"]

1. d4 d5 2. c4 e6 3. Nf3 Nf6 4. Nc3 Nbd7 5. Bg5 c6 6. e3 Qa5 7. Bxf6 Nxf6 8. Qc2 Bb4 9. Nd2 0-0 10. Bd3 dxc4 11. Nxc4 Qh5 12. 0-0 b5 13. Ne5 Bb7 14. Ne4 Ng4 15. Nxg4 Qxg4 16. Nc5 Bxc5 17. dxc5 f5 18. Be2 Qg5 19. Rad1 e5 20. Rd6 f4 21. exf4 Rxf4 22. Qb3+ Kh8 23. Qg3 Qe7 24. Rfd1 Rd4 25. Qe3 Rxd1+ 26. Bxd1 Rf8 27. Bf3 Qe8 28. Qd3 Bc8 29. Bxc6 Qf7 30. Qf3 Qe7 31. Qe3 Bf5 32. Bxb5 e4 33. Qd4 h6 34. Rxh6+ Bh7 35. Rd6 Qg5 36. Bf1 Bf5 37. b4 Re8 38. Qe3 Qe7 39. Qf4 Bh7 40. h4 Rf8 41. Rd7 Qe8 42. Qg4 Rf7 43. c6 Re7 44. Rxe7 Qxe7 45. Qc8+ Bg8 46. Bc4 1-0

[Event "Kislovodsk Rating"]
[Site "Kislovodsk"]
[Date "2009.07.23"]
[Round "6"]
[White "Bazalij, Vladimir"]
[Black "Gerliani, Roin"]
[Result "1-0"]
[WhiteElo "2292"]
[BlackElo "1922"]
[PlyCount "85"]
[EventDate "2009.07.18"]
[EventType "tourn"]
[EventRounds "9"]
[EventCountry "RUS"]
[SourceTitle "EXT 2022"]
[Source "ChessBase"]
[SourceDate "2021.10.06"]
[SourceVersion "1"]
[SourceVersionDate "2021.10.06"]
[SourceQuality "1"]

1. d4 d5 2. c4 c6 3. Nc3 Nf6 4. Nf3 e6 5. Bg5 Be7 6. e3 Nbd7 7. Rc1 0-0 8. Bd3 Re8 9. 0-0 dxc4 10. Bxc4 Nb6 11. Bb3 Nbd5 12. Qe2 Qa5 13. e4 Nxc3 14. bxc3 b6 15. Rfe1 Ba6 16. c4 Rac8 17. e5 Nd7 18. Qe4 Nf8 19. Bxe7 Rxe7 20. h4 Rd7 21. c5 Bb7 22. g4 b5 23. h5 Qd8 24. Kh2 a5 25. a3 Ra8 26. Rg1 a4 27. Ba2 Qa5 28. g5 b4 29. axb4 Qxb4 30. g6 fxg6 31. hxg6 h6 32. Rg4 Qb2 33. Rc2 Qb5 34. Rf4 Re8 35. Nd2 Red8 36. Rxf8+ Kxf8 37. Bxe6 Ke7 38. Bxd7 Kxd7 39. e6+ Ke7 40. Qh4+ Ke8 41. Nc4 Bc8 42. Nd6+ Rxd6 43. cxd6 1-0

[Event "Kislovodsk Rating"]
[Site "Kislovodsk"]
[Date "2009.07.21"]
[Round "4"]
[White "Rozhko, Dmitry"]
[Black "Bazalij, Vladimir"]
[Result "1-0"]
[WhiteElo "2368"]
[BlackElo "2292"]
[PlyCount "43"]
[EventDate "2009.07.18"]
[EventType "tourn"]
[EventRounds "9"]
[EventCountry "RUS"]
[SourceTitle "EXT 2022"]
[Source "ChessBase"]
[SourceDate "2021.10.06"]
[SourceVersion "1"]
[SourceVersionDate "2021.10.06"]
[SourceQuality "1"]

1. e4 c5 2. c3 Nf6 3. e5 Nd5 4. d4 cxd4 5. Nf3 e6 6. cxd4 d6 7. exd6 Bxd6 8. Nc3 Nxc3 9. bxc3 Nc6 10. Bd3 Be7 11. 0-0 0-0 12. Qe2 Qa5 13. Bd2 Bf6 14. Qe4 g6 15. Qf4 Bg7 16. Qh4 e5 17. Bh6 Qc7 18. Ng5 f6 19. Bc4+ Kh8 20. Nxh7 Be6 21. Bxe6 Bxh6 22. Nxf8 1-0

[Event "Havlickuv Brod op-B"]
[Site "Havlickuv Brod"]
[Date "2005.09.29"]
[Round "6"]
[White "Bazalij, Vladimir"]
[Black "Zdrazil, Bohumir"]
[Result "1-0"]
[WhiteElo "2328"]
[BlackElo "1984"]
[PlyCount "57"]
[EventDate "2005.09.24"]
[EventType "swiss"]
[EventRounds "9"]
[EventCountry "CZE"]
[SourceTitle "CBM 108 Extra"]
[Source "ChessBase"]
[SourceDate "2005.11.04"]
[SourceVersion "1"]
[SourceVersionDate "2005.11.04"]
[SourceQuality "1"]

1. c4 e6 2. Nc3 d5 3. e3 Nf6 4. Nf3 c6 5. d4 Bd6 6. Bd3 Nbd7 7. 0-0 0-0 8. a3 a6 9. Bd2 e5 10. cxd5 cxd5 11. dxe5 Nxe5 12. Nxe5 Bxe5 13. Qc2 Bd7 14. f4 Bd6 15. b4 Rc8 16. Qb2 Qb6 17. Rf3 Bg4 18. Rg3 Bxf4 19. Na4 Qa7 20. Nc5 Bxg3 21. hxg3 Nd7 22. Qd4 Nxc5 23. bxc5 Be6 24. Bc3 f6 25. Qh4 g6 26. Bxf6 Qxc5 27. Bd4 Qc7 28. Bxg6 Bf5 29. Bxf5 1-0